| 000 | 02038cam a22005294i 4500 | ||
|---|---|---|---|
| 003 | PE-LiUPU | ||
| 005 | 20250731173027.0 | ||
| 008 | 170627s2007 mau rb 000 0 eng d | ||
| 020 | _a9004161236 | ||
| 020 | _a9789004161238 | ||
| 035 | _a(Sirsi) a237824 | ||
| 040 |
_aPE-LiUPU _beng _cPE-LiUPU _erda |
||
| 049 | _aPRUA | ||
| 082 | 0 | 4 |
_a201.7 _bR3 _222 |
| 245 | 0 | 0 |
_aReligion and society : _ban agenda for the 21st century / _cedited by Gerrie ter Haar and Yoshio Tsuruoka. |
| 246 | 3 |
_aReligion and society : _ban agenda for the twenty first century |
|
| 264 | 1 |
_aBoston : _bBrill, _c2007. |
|
| 300 |
_axvii, 306 páginas ; _c24 centímetros. |
||
| 336 |
_atext _2rdacontent |
||
| 337 |
_aunmediated _2rdamedia |
||
| 338 |
_avolume _2rdacarrier |
||
| 490 | 0 |
_aInternational studies in religion and society ; _v5 |
|
| 504 | _aBibliografía : páginas 283-297. | ||
| 504 | _aIndex : páginas 299-306. | ||
| 505 | 0 | _aThe religious dimension of war and peace -- Technology, life and death -- Global Religions and local cultures -- Boundaries and segregations -- Method and theory in the study of religion -- The study of religion in Japan. | |
| 526 | _aSEG42 | ||
| 526 | _aSEG41 | ||
| 526 | _aSEG40 | ||
| 526 | _aSEG39 | ||
| 526 | _aP94 | ||
| 526 | _aP87 | ||
| 526 | _aP86 | ||
| 526 | _aP85 | ||
| 526 | _aP77 | ||
| 526 | _aP76 | ||
| 526 | _aP35 | ||
| 650 | 0 | 4 |
_aReligión _x Aspecto social. |
| 650 | 0 | 4 | _aReligión y sociología. |
| 700 | 1 |
_aTsuruoka,Yoshio, _eeditor. |
|
| 910 |
_ajck _bncf _cncf _d20170627 |
||
| 942 |
_2ddc _cBOOK |
||
| 949 |
_a201.7 R3 _wDEWEY _c1 _i76488 _lCCODEBUL1 _mBUL _p71.70 _r0 _sY _tBOOK _u2017-06-27 _xTEOLOGIA _PP35 _0DONACION _o.STAFF. Colección Teología |
||
| 994 |
_aC0 _bPEPRU |
||
| 596 | _a1 | ||
| 999 |
_a201.7 R3 _wDEWEY _c24522 _i76488 _d24522 _f2021-11-9 _g4 _lCCODEBUL1 _mBUL _p71.70 _q1 _r0 _sY _tBOOK _u2017-6-27 _xTEOLOGIA _PP35 _0COMPRA _o.STAFF. Colección Teología |
||
| 980 |
_81 _gALBERTO SANCHEZ Responsable de Automatización |
||